[Event "DEM U12/U12w 2004"]
[Site "Willingen GER"]
[Date "2004.06.03"]
[Round "8"]
[White "Huschenbeth, Niclas"]
[Black "Zelbel, Patrick"]
[Result "1/2-1/2"]
[Termination "normal"]
[Board "1"]
[WhiteElo "2100"]
[BlackElo "1618"]
[PlyCount "92"]
[WhiteFideId "24604747"]
[BlackFideId "24624322"]
[EventCountry "GER"]
[EventRounds "11"]
[EventType "swiss"]
[EventDate "2004.05.29"]

1. e4 e5 2. Nf3 Nf6 3. Nc3 Bb4 4. Nxe5 O-O 5. Be2 Re8 6. Nd3 Bxc3 7. dxc3 Nxe4
8. Nf4 Nc6 9. O-O d6 10. c4 Bf5 11. f3 Nc5 12. Nd5 Bxc2 13. Qxc2 Nd4 14. Qd1
Nxe2+ 15. Kh1 Nxc1 16. Rxc1 Qd7 17. f4 f5 18. Nc3 Ne4 19. Nxe4 Rxe4 20. Qd5+
Qf7 21. Qxb7 Ree8 22. b3 Reb8 23. Qc6 Re8 24. Rfd1 24... Rad8 $11 25. Re1 Kf8
26. Qa6 Rxe1+ 27. Rxe1 c5 28. Qc6 Qd7 29. Qd5 Qf7 30. Re6 g6 31. Rxd6 Qxd5 32.
Rxd5 Rxd5 33. cxd5 Ke7 34. Kg1 Kd6 35. Kf2 Kxd5 36. Ke3 36... Kc6 $11 37. Kd2
Kd6 38. Kc3 Kc7 39. Kc4 Kc6 40. a3 a6 41. a4 Kd6 42. h4 Kc6 43. h5 gxh5 44. b4
cxb4 45. Kxb4 h4 46. Kc4 a5 1/2-1/2

[Event "DEM U12/U12w 2004"]
[Site "Willingen GER"]
[Date "2004.06.03"]
[Round "8"]
[White "Graf, Felix"]
[Black "Jorczik, Julian"]
[Result "0-1"]
[Termination "normal"]
[Board "2"]
[WhiteElo "2056"]
[BlackElo "1792"]
[PlyCount "76"]
[WhiteFideId "24608904"]
[BlackFideId "24611719"]
[EventCountry "GER"]
[EventRounds "11"]
[EventType "swiss"]
[EventDate "2004.05.29"]

1. d4 Nf6 2. c4 g6 3. Nc3 Bg7 4. e4 d6 5. f3 Nbd7 6. Be3 e5 7. d5 Nh5 8. Qd2
O-O 9. Bd3 Nc5 10. Bc2 a5 11. Nge2 f5 12. exf5 gxf5 13. O-O Qh4 14. f4 b6 15.
Rae1 Bd7 16. g3 Qg4 17. Nd1 Ne4 18. Bxe4 fxe4 19. fxe5 dxe5 20. Nec3 Rf3 21.
Bf2 Nf6 22. Qe2 Qh5 23. Be3 Bg4 24. Rxf3 Bxf3 25. Qd2 Ng4 26. c5 bxc5 27. Bxc5
Bh6 28. Be3 Nxe3 29. Nxe3 Qh3 30. Qc2 Rf8 31. Ncd1 Kh8 32. Nf1 Rf6 33. Nde3 Rf7
34. b3 Rg7 35. Qf2 Bf4 36. a3 h5 37. Ng2 h4 38. Nxf4 exf4 0-1

[Event "DEM U12/U12w 2004"]
[Site "Willingen GER"]
[Date "2004.06.03"]
[Round "8"]
[White "Gadschisade, Machmud"]
[Black "Kachibadze, Georg"]
[Result "1/2-1/2"]
[Termination "normal"]
[Board "3"]
[WhiteElo "1605"]
[BlackElo "1865"]
[PlyCount "45"]
[WhiteFideId "4647734"]
[BlackFideId "24640794"]
[EventCountry "GER"]
[EventRounds "11"]
[EventType "swiss"]
[EventDate "2004.05.29"]

1. e4 c5 2. Nf3 Nc6 3. d3 g6 4. g3 Bg7 5. Bg2 e6 6. Nbd2 Nge7 7. O-O O-O 8. Re1
d6 9. h4 Rb8 10. Nf1 d5 11. e5 Qc7 12. Bf4 b5 13. N1h2 h5 14. Qd2 Nd8 15. g4
Bb7 16. Bh6 hxg4 17. Nxg4 Nf5 18. Bxg7 Kxg7 19. Qg5 Qe7 20. Nf6 Rh8 21. h5 d4
22. hxg6 fxg6 23. Ne4 1/2-1/2

[Event "DEM U12/U12w 2004"]
[Site "Willingen GER"]
[Date "2004.06.03"]
[Round "8"]
[White "Mazarov, Jürgen"]
[Black "Heimann, Andreas"]
[Result "0-1"]
[Termination "normal"]
[Board "4"]
[WhiteElo "1743"]
[BlackElo "1808"]
[PlyCount "82"]
[WhiteFideId "24617768"]
[BlackFideId "24624632"]
[EventCountry "GER"]
[EventRounds "11"]
[EventType "swiss"]
[EventDate "2004.05.29"]

1. e4 e5 2. Nf3 Nc6 3. Bb5 a6 4. Ba4 Nf6 5. d4 Nxd4 6. Nxd4 exd4 7. e5 Ne4 8.
Qxd4 Nc5 9. O-O Nxa4 10. Qxa4 b5 11. Qe4 Rb8 12. Nc3 Bb7 13. Qg4 Qe7 14. f4 b4
15. Ne2 Qc5+ 16. Kh1 Qxc2 17. Nd4 Qg6 18. Qe2 Qe4 19. Qf2 Bc5 20. Be3 O-O 21.
Rad1 f6 22. exf6 Rxf6 23. Rfe1 Rd6 24. h3 Re8 25. Kh2 Rg6 26. g4 Kf7 27. Nf5
Bd6 28. Nxd6+ Rxd6 29. Rxd6 cxd6 30. Qe2 d5 31. Qf2 Qc4 32. Rc1 Qxa2 33. Bc5
Qb3 34. f5 a5 35. f6 gxf6 36. Bd4 Re6 37. Qf5 Re2+ 38. Bf2 Ke7 39. Qxh7+ Kd6
40. Kg1 Qf3 41. Rf1 d4 0-1

[Event "DEM U12/U12w 2004"]
[Site "Willingen GER"]
[Date "2004.06.03"]
[Round "8"]
[White "Mihok, Oliver"]
[Black "Schrödter, Thomas"]
[Result "1/2-1/2"]
[Termination "normal"]
[Board "5"]
[WhiteElo "2074"]
[BlackElo "1827"]
[PlyCount "77"]
[WhiteFideId "728012"]
[EventCountry "GER"]
[EventRounds "11"]
[EventType "swiss"]
[EventDate "2004.05.29"]

1. e4 c5 2. Nf3 Nc6 3. Bb5 Qc7 4. O-O a6 5. Bxc6 dxc6 6. h3 e5 7. d3 Bd6 8. Be3
Ne7 9. Nbd2 Ng6 10. Nc4 O-O 11. a4 a5 12. Qd2 b6 13. Qc3 Kh8 14. Nxd6 Qxd6 15.
Nd2 Nf4 16. Bxf4 exf4 17. Nf3 Qg6 18. Kh2 Qh5 19. Qe5 19... Qh6 $11 20. Qg5
Qxg5 21. Nxg5 f6 22. Nf3 Be6 23. h4 Rad8 24. b3 Kg8 25. Ng1 h6 26. g3 fxg3+ 27.
Kxg3 f5 28. f3 Rf6 29. Ne2 fxe4 30. fxe4 Rg6+ 31. Kh2 Rg4 32. Rf4 32... Rf8 $11
33. Rxf8+ Kxf8 34. Rf1+ Ke7 35. Rf4 Kd6 36. Rxg4 Bxg4 37. Nc3 Ke5 38. Kg3 Be6
39. Kf3 1/2-1/2

[Event "DEM U12/U12w 2004"]
[Site "Willingen GER"]
[Date "2004.06.03"]
[Round "8"]
[White "Hirneise, Jens"]
[Black "Fischer, Thomas"]
[Result "1/2-1/2"]
[Termination "normal"]
[Board "6"]
[WhiteElo "1757"]
[BlackElo "2041"]
[PlyCount "98"]
[WhiteFideId "24614734"]
[BlackFideId "4683277"]
[EventCountry "GER"]
[EventRounds "11"]
[EventType "swiss"]
[EventDate "2004.05.29"]

1. e4 c5 2. Nf3 Nc6 3. d4 cxd4 4. Nxd4 Nf6 5. Nc3 e5 6. Ndb5 d6 7. Bg5 a6 8.
Na3 Be6 9. Nc4 Rc8 10. Bxf6 gxf6 11. Nd5 Bxd5 12. Qxd5 f5 13. exf5 Nb4 14. Qd2
d5 15. c3 dxc4 16. cxb4 Qxd2+ 17. Kxd2 Bxb4+ 18. Kc2 Ke7 19. Be2 Rhd8 20. Rhd1
c3 21. Rxd8 Kxd8 22. Rd1+ Ke7 23. b3 Rc7 24. Rd3 Kf6 25. g4 Kg5 26. a3 Bxa3 27.
Rxc3 Rxc3+ 28. Kxc3 Bc5 29. f3 Kf4 30. h4 Bf2 31. Kd3 Bxh4 32. Bd1 Be7 33. Ke2
Bc5 34. Bc2 f6 35. Be4 b6 36. Kd3 a5 37. Kc4 Kg3 38. Kd5 Be3 39. Ke6 Bg5 40.
Kd5 Kf2 41. Kc4 Ke2 42. Kb5 Be3 43. b4 Bd2 44. bxa5 bxa5 45. Ka4 h6 46. Kb3 Ke3
47. Ka4 Kd4 48. Ba8 Kc5 49. Be4 Kc4 1/2-1/2

[Event "DEM U12/U12w 2004"]
[Site "Willingen GER"]
[Date "2004.06.03"]
[Round "8"]
[White "Strunski, Andreas"]
[Black "Korman, Maxim"]
[Result "1-0"]
[Termination "normal"]
[Board "7"]
[WhiteElo "1942"]
[BlackElo "1719"]
[PlyCount "140"]
[WhiteFideId "24606073"]
[BlackFideId "24619787"]
[EventCountry "GER"]
[EventRounds "11"]
[EventType "swiss"]
[EventDate "2004.05.29"]

1. d4 d5 2. c4 e6 3. Nc3 Be7 4. cxd5 exd5 5. Bf4 c6 6. Qc2 Nf6 7. e3 O-O 8. Bd3
Nbd7 9. Nge2 Re8 10. f3 Nf8 11. Bg3 Ng6 12. O-O a6 13. e4 Be6 14. e5 Nd7 15. f4
Bg4 16. f5 Ngf8 17. Nf4 g5 18. fxg6 fxg6 19. Nxg6 Qb6 20. Nxe7+ Rxe7 21. Bf2
Rg7 22. Kh1 Ne6 23. Qd2 Rf8 24. Be3 Rgf7 25. Rxf7 Rxf7 26. Be2 Bxe2 27. Qxe2
Ndf8 28. Rd1 Qd8 29. Rf1 Rxf1+ 30. Qxf1 Qh4 31. Qf2 Qxf2 32. Bxf2 Nf4 33. Be3
N8e6 34. Bxf4 Nxf4 35. g3 Nd3 36. b3 Nb4 37. Kg2 Nc2 38. Ne2 Nb4 39. a4 Kf7 40.
Kf3 c5 41. Ke3 Nc6 42. Kd3 cxd4 43. Nf4 Nxe5+ 44. Kxd4 Nf3+ 45. Kxd5 Nxh2 46.
Kc5 Nf1 47. Ne2 Nd2 48. b4 Nb3+ 49. Kb6 a5 50. b5 Ke6 51. Kxb7 Nc5+ 52. Kb6
Nxa4+ 53. Kxa5 Nc5 54. b6 Kf5 55. Kb5 Nb7 56. Kc6 Nd8+ 57. Kd7 Nb7 58. Kc7 Nc5
59. Kc6 Na6 60. b7 Kg4 61. Kb6 Nb8 62. Ka7 Nc6+ 63. Ka8 h5 64. Nd4 Nxd4 65.
b8=Q Ne2 66. Qg8+ Kf3 67. Qb3+ Kg4 68. Qc4+ Kf3 69. Qd3+ Kf2 70. Qf5+ Kxg3 1-0

[Event "DEM U12/U12w 2004"]
[Site "Willingen GER"]
[Date "2004.06.03"]
[Round "8"]
[White "Nuber, Blasius"]
[Black "Kordts, Florian"]
[Result "1/2-1/2"]
[Termination "normal"]
[Board "9"]
[WhiteElo "1763"]
[BlackElo "1669"]
[PlyCount "39"]
[WhiteFideId "24620289"]
[BlackFideId "24626856"]
[EventCountry "GER"]
[EventRounds "11"]
[EventType "swiss"]
[EventDate "2004.05.29"]

1. d4 d5 2. c4 e6 3. Nc3 Nf6 4. Nf3 Be7 5. e3 O-O 6. b3 b6 7. Be2 Bb7 8. O-O c5
9. Bb2 Nbd7 10. Rc1 Rc8 11. Qc2 dxc4 12. bxc4 Qc7 13. Nb5 Qb8 14. Nd2 a6 15.
Nc3 Rfd8 16. Rfd1 Qc7 17. Nde4 Nxe4 18. Nxe4 Nf6 19. Bf3 Nxe4 20. Bxe4 1/2-1/2

[Event "DEM U12/U12w 2004"]
[Site "Willingen GER"]
[Date "2004.06.03"]
[Round "8"]
[White "Hobusch, Alexander"]
[Black "Specht, Christian"]
[Result "1/2-1/2"]
[Termination "normal"]
[Board "10"]
[WhiteElo "1735"]
[BlackElo "1471"]
[PlyCount "79"]
[WhiteFideId "24611387"]
[BlackFideId "24647985"]
[EventCountry "GER"]
[EventRounds "11"]
[EventType "swiss"]
[EventDate "2004.05.29"]

1. d4 f5 2. g3 Nf6 3. Bg2 g6 4. Nf3 Bg7 5. b4 O-O 6. Bb2 d6 7. O-O Qe8 8. c4 h6
9. Nbd2 g5 10. e3 Qh5 11. Ne1 Qg6 12. Qb3 e6 13. Nd3 Nc6 14. b5 Nd8 15. c5 Ne4
16. Nxe4 fxe4 17. Nc1 d5 18. Qc2 Nf7 19. f3 g4 20. fxe4 Ng5 21. Rxf8+ Bxf8 22.
Ne2 dxe4 23. Nc3 Bd7 24. Bxe4 Nxe4 25. Qxe4 Qxe4 26. Nxe4 Be7 27. Nc3 Bg5 28.
Re1 Rf8 29. Bc1 Rf3 30. Kg2 Kg7 31. h4 Bf6 32. Rf1 Rxf1 33. Kxf1 e5 34. d5 e4
35. c6 bxc6 36. bxc6 Bxc6 37. Nxe4 Bxd5 38. Nxf6 Kxf6 39. a3 h5 40. Bb2+
1/2-1/2

[Event "DEM U12/U12w 2004"]
[Site "Willingen GER"]
[Date "2004.06.03"]
[Round "8"]
[White "Jussupow, Alexander"]
[Black "Blübaum, Johanna"]
[Result "0-1"]
[Termination "normal"]
[Board "11"]
[WhiteElo "1715"]
[BlackElo "1443"]
[PlyCount "120"]
[WhiteFideId "24613509"]
[BlackFideId "24647373"]
[EventCountry "GER"]
[EventRounds "11"]
[EventType "swiss"]
[EventDate "2004.05.29"]

1. d4 Nf6 2. Nf3 c5 3. e3 e6 4. Bd3 b6 5. Nbd2 Bb7 6. b3 cxd4 7. exd4 Be7 8.
O-O Nc6 9. Bb2 Nb4 10. Be2 O-O 11. a3 Nbd5 12. c4 Nf4 13. Re1 Nxe2+ 14. Qxe2 d5
15. Ne5 Nd7 16. f4 Nxe5 17. fxe5 Rc8 18. Qg4 dxc4 19. bxc4 a6 20. Rad1 b5 21.
c5 Bg5 22. Ne4 Bxe4 23. Rxe4 Qd5 24. Ree1 Be7 25. Bc1 Rfd8 26. Rf1 Bf8 27. Bg5
Rd7 28. Bf6 g6 29. Bg5 Rcc7 30. Qf4 Qb3 31. h4 Bxc5 32. Rb1 Bxd4+ 33. Kh1 Qxa3
34. Bh6 Bc5 35. Qf6 Bf8 36. Ra1 Qe7 37. Bxf8 Qxf6 38. exf6 Kxf8 39. Rxa6 Ke8
40. Rb1 Rb7 41. Rc1 b4 42. Rc8+ Rd8 43. Raa8 Rxc8 44. Rxc8+ Kd7 45. Rf8 Kd6 46.
Rd8+ Ke5 47. Rd1 b3 48. g4 Kxf6 49. Kg2 b2 50. Rb1 Ke5 51. Kf2 Kd4 52. Kf3 Kc3
53. Kf4 Kc2 54. Rxb2+ Rxb2 55. h5 gxh5 56. gxh5 f6 57. h6 Rb4+ 58. Kg3 Kd2 59.
Kh3 e5 60. Kg2 e4 0-1

[Event "DEM U12/U12w 2004"]
[Site "Willingen GER"]
[Date "2004.06.03"]
[Round "8"]
[White "Dalakian, Haroutioun"]
[Black "Smolkina, Milana"]
[Result "0-1"]
[Termination "normal"]
[Board "12"]
[WhiteElo "1294"]
[BlackElo "1678"]
[PlyCount "62"]
[WhiteFideId "24632058"]
[BlackFideId "24618780"]
[EventCountry "GER"]
[EventRounds "11"]
[EventType "swiss"]
[EventDate "2004.05.29"]

1. e4 c5 2. c3 g6 3. d4 cxd4 4. cxd4 Bg7 5. Nf3 d6 6. h3 Nc6 7. Be3 Nf6 8. Nc3
Qa5 9. Qd2 a6 10. a3 O-O 11. Bd3 Bd7 12. O-O e5 13. d5 Ne7 14. b4 Qd8 15. Rac1
Nh5 16. Nh2 f5 17. f3 Ng3 18. Rfd1 Bf6 19. Nf1 Nxf1 20. Rxf1 f4 21. Bf2 Kh8 22.
Kh2 Rg8 23. g4 fxg3+ 24. Bxg3 g5 25. Kg2 Ng6 26. Rh1 Nf4+ 27. Bxf4 gxf4+ 28.
Kf2 Bh4+ 29. Kf1 Rg3 30. Be2 Bxh3+ 31. Rxh3 Rxh3 0-1

[Event "DEM U12/U12w 2004"]
[Site "Willingen GER"]
[Date "2004.06.03"]
[Round "8"]
[White "Mertens, Pauline"]
[Black "Schäfer, Alexander"]
[Result "0-1"]
[Termination "normal"]
[Board "13"]
[WhiteElo "1375"]
[BlackElo "1701"]
[PlyCount "56"]
[WhiteFideId "24671959"]
[BlackFideId "24615196"]
[EventCountry "GER"]
[EventRounds "11"]
[EventType "swiss"]
[EventDate "2004.05.29"]

1. e4 c5 2. Nf3 e6 3. d4 cxd4 4. Nxd4 Nf6 5. Nc3 Nc6 6. Ndb5 Bc5 7. Nd6+ Ke7 8.
Nc4 d5 9. exd5 exd5 10. Na3 Re8 11. Bg5 Kf8+ 12. Be2 Bxa3 13. bxa3 d4 14. Na4
Qa5+ 15. Qd2 Qxa4 16. O-O Ne4 17. Qf4 Nxg5 18. Qxg5 Rxe2 19. Qc5+ Kg8 20. Rac1
Be6 21. h3 Rd8 22. Qg5 Rxc2 23. Rcd1 Qa5 24. Qg3 Qe5 25. Qd3 Qf5 26. Qxf5 Bxf5
27. Rfe1 Kf8 28. Kh2 Rxf2 0-1

[Event "DEM U12/U12w 2004"]
[Site "Willingen GER"]
[Date "2004.06.03"]
[Round "8"]
[White "Schmitt, Philipp"]
[Black "Colpe, Malte"]
[Result "0-1"]
[Termination "normal"]
[Board "14"]
[WhiteElo "1691"]
[BlackElo "1520"]
[PlyCount "132"]
[WhiteFideId "24641766"]
[BlackFideId "24623075"]
[EventCountry "GER"]
[EventRounds "11"]
[EventType "swiss"]
[EventDate "2004.05.29"]

1. e4 c5 2. Nf3 Nc6 3. d4 cxd4 4. Nxd4 Nf6 5. Nc3 e5 6. Ndb5 d6 7. a4 a6 8. Na3
Bg4 9. f3 Be6 10. Bc4 Be7 11. O-O O-O 12. Be3 Rc8 13. Nd5 Bxd5 14. Bxd5 Nxd5
15. exd5 Nb8 16. c3 f5 17. Qb3 f4 18. Bf2 Qc7 19. Bb6 Qd7 20. Nc4 Rf7 21. a5
Qf5 22. Nd2 g5 23. Qb4 Qg6 24. Qe4 Rg7 25. Qxg6 Rxg6 26. Ra4 Kf7 27. Rc4 Rgg8
28. Re1 Rxc4 29. Nxc4 Rc8 30. Re4 Nd7 31. Nd2 Nf6 32. Rc4 Rxc4 33. Nxc4 Nxd5
34. Kf2 Ke6 35. g3 Kd7 36. gxf4 gxf4 37. Ke2 Kc6 38. Kd3 Bf6 39. Ke4 Ne7 40.
Kd3 d5 41. Nd2 Nc8 42. Bf2 Nd6 43. Bb6 Nc8 44. Bf2 Bd8 45. b4 b5 46. Nb3 Be7
47. Bc5 Nd6 48. Bf2 e4+ 49. fxe4 dxe4+ 50. Ke2 f3+ 51. Kf1 Nf5 52. Nd4+ Nxd4
53. Bxd4 Bd6 54. h3 Bf4 55. Kf2 Kd5 56. h4 Kc4 57. h5 Bd2 58. Be3 Bxe3+ 59.
Kxe3 Kxc3 60. Kf2 Kd2 61. Kf1 e3 62. h6 e2+ 63. Kg1 e1=Q+ 64. Kh2 f2 65. Kh3
f1=Q+ 66. Kh2 Qef2# 0-1

[Event "DEM U12/U12w 2004"]
[Site "Willingen GER"]
[Date "2004.06.03"]
[Round "8"]
[White "Gersch, Andre"]
[Black "Orhan, Zilan"]
[Result "0-1"]
[Termination "normal"]
[Board "15"]
[WhiteElo "1433"]
[BlackElo "1626"]
[PlyCount "108"]
[BlackFideId "24624640"]
[EventCountry "GER"]
[EventRounds "11"]
[EventType "swiss"]
[EventDate "2004.05.29"]

1. e4 d5 2. exd5 Qxd5 3. Nc3 Qa5 4. Bc4 c6 5. d3 Bf5 6. Bd2 e6 7. Nge2 h6 8.
Ng3 Bh7 9. O-O Nd7 10. Re1 Qc7 11. Qf3 Ngf6 12. h3 Bd6 13. Be3 O-O 14. Nce4
Nxe4 15. Nxe4 Ne5 16. Qe2 Nxc4 17. Nxd6 Nxd6 18. Bf4 Qd7 19. Qg4 Kh8 20. Qg3
Nf5 21. Qg4 Rfe8 22. Re2 Qd4 23. Re4 Qxb2 24. Be5 Qxc2 25. Rf4 Bg6 26. h4 h5
27. Qg5 Kg8 28. g4 Qxd3 29. gxh5 $11 29... Nh6 30. hxg6 Qxg6 31. Kh2 Qxg5 32.
hxg5 Nf5 33. Kg2 Red8 34. Rb1 b6 35. a4 Rd5 36. Re4 Rad8 37. Rbb4 c5 38. Rbc4
Nd6 39. Bxd6 R8xd6 40. f4 Rd4 41. Rexd4 Rxd4 42. Rxd4 cxd4 43. Kf3 f6 44. Ke4
e5 45. g6 Kf8 46. f5 Ke7 47. Kd3 Kd6 48. Kc4 a6 49. Kb4 e4 50. Kc4 e3 51. Kd3
Ke5 52. Ke2 Ke4 53. Kd1 Kf3 54. Ke1 e2 0-1

[Event "DEM U12/U12w 2004"]
[Site "Willingen GER"]
[Date "2004.06.03"]
[Round "8"]
[White "Gröger, Eric"]
[Black "Kaphle, Stephan"]
[Result "1/2-1/2"]
[Termination "normal"]
[Board "16"]
[WhiteElo "1428"]
[BlackElo "1597"]
[PlyCount "59"]
[BlackFideId "24629103"]
[EventCountry "GER"]
[EventRounds "11"]
[EventType "swiss"]
[EventDate "2004.05.29"]

1. d4 Nf6 2. c4 g6 3. Nc3 Bg7 4. e4 d6 5. f3 O-O 6. Be3 e5 7. d5 Nbd7 8. Nge2
Ne8 9. Qd2 f5 10. O-O-O Ndf6 11. Kb1 Bd7 12. h3 Kh8 13. g4 f4 14. Bf2 Ng8 15.
h4 h6 16. Bh3 Rf7 17. g5 h5 18. Bxd7 Qxd7 19. Nc1 Bf8 20. Nd3 a6 21. c5 Kg7 22.
Rc1 Qd8 23. Rc2 b6 24. cxb6 cxb6 25. Rhc1 Rb7 26. Nb4 b5 27. Ne2 Ne7 28. Nc6
Qd7 29. Nxe7 Bxe7 30. Rc6 1/2-1/2

[Event "DEM U12/U12w 2004"]
[Site "Willingen GER"]
[Date "2004.06.03"]
[Round "8"]
[White "Giesler, Julius"]
[Black "Belger, Christian"]
[Result "1/2-1/2"]
[Termination "normal"]
[Board "17"]
[WhiteElo "1394"]
[BlackElo "1581"]
[PlyCount "47"]
[BlackFideId "24622940"]
[EventCountry "GER"]
[EventRounds "11"]
[EventType "swiss"]
[EventDate "2004.05.29"]

1. c4 Nf6 2. Nc3 g6 3. g3 Bg7 4. Bg2 O-O 5. Nf3 d6 6. O-O e5 7. h3 Ne8 8. d3 f5
9. Bg5 Nf6 10. Nd5 c6 11. Nxf6+ Bxf6 12. Bxf6 Qxf6 13. Nd2 Be6 14. Rb1 a5 15.
f4 Nd7 16. e4 Qe7 17. Qe2 Rae8 18. Qe3 Qg7 19. b4 axb4 20. Rxb4 Rb8 21. Rfb1
Nc5 22. exf5 Bxf5 23. Bxc6 exf4 24. Bd5+ 1/2-1/2

[Event "DEM U12/U12w 2004"]
[Site "Willingen GER"]
[Date "2004.06.03"]
[Round "8"]
[White "Oltzen, Samuel"]
[Black "Doberitz, Paul"]
[Result "1/2-1/2"]
[Termination "normal"]
[Board "18"]
[WhiteElo "1389"]
[BlackElo "1576"]
[PlyCount "96"]
[BlackFideId "24646130"]
[EventCountry "GER"]
[EventRounds "11"]
[EventType "swiss"]
[EventDate "2004.05.29"]

1. e4 c5 2. c3 d5 3. exd5 Qxd5 4. d4 Nf6 5. Nf3 Bg4 6. Be2 e6 7. O-O Nc6 8. h3
Bh5 9. Be3 cxd4 10. cxd4 Be7 11. Nc3 Qd6 12. a3 O-O 13. Qd2 Rfd8 14. Rfd1 a6
15. Na4 Nd5 16. Nc5 Qc7 17. Qe1 Bxf3 18. Bxf3 Nxd4 19. Bxd4 Bxc5 20. Rac1 Bxd4
21. Rxc7 Nxc7 22. Qb4 e5 23. Qxb7 Nb5 24. a4 Ra7 25. Qe4 Nd6 26. Qc6 Rb7 27.
Rb1 Rb6 28. Qc2 Rdb8 29. b3 Rc8 30. Qe2 Rc3 31. Qd1 Rb8 32. Be2 Ne4 33. Kh2
Nxf2 34. Qd2 Ne4 35. Qa2 Rbc8 36. Bd1 Rc1 37. Rxc1 Rxc1 38. Qe2 Nc3 39. Qxa6 g6
40. Bf3 Kg7 41. Qd3 h5 42. g4 h4 43. a5 Ra1 44. b4 Ra2+ 45. Kh1 Ra1+ 46. Kh2
Ra2+ 47. Kh1 Ra1+ 48. Kh2 Ra2+ 1/2-1/2

[Event "DEM U12/U12w 2004"]
[Site "Willingen GER"]
[Date "2004.06.03"]
[Round "8"]
[White "Günnigmann, Manuel"]
[Black "Vollmer, Jürgen"]
[Result "1/2-1/2"]
[Termination "normal"]
[Board "20"]
[WhiteElo "1383"]
[BlackElo "1571"]
[PlyCount "84"]
[WhiteFideId "24640360"]
[EventCountry "GER"]
[EventRounds "11"]
[EventType "swiss"]
[EventDate "2004.05.29"]

1. e4 c6 2. d4 d5 3. Nc3 dxe4 4. Nxe4 Nd7 5. Nf3 Ngf6 6. Ng3 e6 7. Bc4 Nb6 8.
Bb3 c5 9. dxc5 Qxd1+ 10. Kxd1 Bxc5 11. Ke2 Bd7 12. Rd1 Bb5+ 13. Ke1 O-O 14. a4
Bc6 15. Bd2 Ng4 16. Nh1 Rfe8 17. h3 Nf6 18. Bf4 h6 19. Bd6 Bxd6 20. Rxd6 e5 21.
Rdd1 Nbd5 22. Ng3 Nf4 23. Kf1 Bxf3 24. gxf3 Nxh3 25. Kg2 Nf4+ 26. Kf1 Rad8 27.
Ne2 Nxe2 28. Kxe2 Rd7 29. Rxd7 Nxd7 30. Bd5 b6 31. Bc6 Re7 32. Rd1 Nf6 33. Rd8+
Kh7 34. b4 Rc7 35. Rd6 h5 36. Kf1 Re7 37. a5 bxa5 38. bxa5 Rc7 39. Ke2 Re7 40.
Kf1 Rc7 41. Ke2 Ng8 42. Be4+ g6 1/2-1/2

[Event "DEM U12/U12w 2004"]
[Site "Willingen GER"]
[Date "2004.06.03"]
[Round "8"]
[White "Frey, Alisa"]
[Black "Lobmeyer, Fabian"]
[Result "1-0"]
[Termination "normal"]
[Board "22"]
[WhiteElo "1233"]
[BlackElo "1522"]
[PlyCount "55"]
[WhiteFideId "24634662"]
[BlackFideId "24659681"]
[EventCountry "GER"]
[EventRounds "11"]
[EventType "swiss"]
[EventDate "2004.05.29"]

1. e4 c5 2. Nf3 d6 3. d4 cxd4 4. Nxd4 Nf6 5. Nc3 g6 6. Be3 Bg7 7. f3 O-O 8. Qd2
Nc6 9. O-O-O Nd7 10. h4 Nb6 11. h5 Ne5 12. hxg6 fxg6 13. Bh6 Nbc4 14. Qg5 e6
15. Qxd8 Rxd8 16. Bxg7 Kxg7 17. Ncb5 Rd7 18. Nxe6+ Kg8 19. Bxc4 Nxc4 20. Rd4
Ne5 21. Nxd6 Nf7 22. Nxc8 Ne5 23. Rxd7 Nxd7 24. Nd6 b6 25. Ng5 Nf8 26. Nb5 a6
27. Nc7 Ra7 28. Nd5 1-0

[Event "DEM U12/U12w 2004"]
[Site "Willingen GER"]
[Date "2004.06.03"]
[Round "8"]
[White "Dinger, Solvejg"]
[Black "Raykhman, Alexsander"]
[Result "0-1"]
[Termination "normal"]
[Board "23"]
[WhiteElo "1329"]
[BlackElo "1609"]
[PlyCount "98"]
[EventCountry "GER"]
[EventRounds "11"]
[EventType "swiss"]
[EventDate "2004.05.29"]

1. e4 c5 2. d4 cxd4 3. c3 dxc3 4. Nxc3 d6 5. Nf3 Nf6 6. Bc4 e6 7. Qe2 a6 8. O-O
Be7 9. Rd1 Qc7 10. Bf4 e5 11. Bg5 Nbd7 12. Rac1 Qb6 13. Be3 Qd8 14. Bb3 O-O 15.
Nd5 Nxd5 16. Bxd5 Nf6 17. Qd3 Rb8 18. g3 Nxd5 19. exd5 Bg4 20. Bd2 f5 21. Re1
e4 22. Qd4 Bxf3 23. b3 Qe8 24. h4 Qh5 25. Kh2 g5 26. Bc3 Bf6 27. Qxf6 Rxf6 28.
Bxf6 gxh4 29. gxh4 Kf7 30. Kh3 Kxf6 31. Rg1 Bg4+ 32. Kg2 Qxh4 33. Kf1 Rg8 34.
Ke1 Qh2 35. Kd2 Qxf2+ 36. Kc3 Rc8+ 37. Kb4 Qd2+ 38. Ka4 b5+ 39. Ka3 Rxc1 40.
Rxc1 Qxc1+ 41. Kb4 e3 42. Ka5 Qa3+ 43. Kb6 e2 44. Kc6 e1=Q 45. Kb6 Ke7 46. Kc6
Qaa5 47. Kb7 Kd7 48. Ka8 Qb6 49. a4 Qe8# 0-1

[Event "DEM U12/U12w 2004"]
[Site "Willingen GER"]
[Date "2004.06.03"]
[Round "8"]
[White "Endress, Anna"]
[Black "Cornish, Alexander"]
[Result "1/2-1/2"]
[Termination "normal"]
[Board "24"]
[WhiteElo "1755"]
[BlackElo "1404"]
[PlyCount "126"]
[WhiteFideId "24629472"]
[EventCountry "GER"]
[EventRounds "11"]
[EventType "swiss"]
[EventDate "2004.05.29"]

1. e4 e6 2. d4 d5 3. Nc3 Bb4 4. Nge2 dxe4 5. a3 Bxc3+ 6. Nxc3 Nf6 7. Bg5 Nbd7
8. Nxe4 h6 9. Nxf6+ Nxf6 10. Bh4 O-O 11. Bd3 b6 12. Qf3 Rb8 13. Bxf6 Qxf6 14.
Qxf6 gxf6 15. O-O-O Bb7 16. f3 e5 17. dxe5 fxe5 18. Rhe1 Rfe8 19. Be4 Bxe4 20.
Rxe4 f5 21. Re3 Re7 22. Rde1 Rbe8 23. g4 fxg4 24. fxg4 Kg7 25. Kd2 e4 26. Ke2
Kg6 27. Kf2 Re5 28. Kg3 R5e6 29. Rd1 R8e7 30. Rd5 Rf6 31. h4 c6 32. h5+ Kg7 33.
Rf5 Rfe6 34. Rf4 Kh7 35. Kf2 a6 36. Ke2 Kg7 37. Kd2 c5 38. Kc3 Re5 39. Kc4 b5+
40. Kc3 a5 41. b4 cxb4+ 42. axb4 a4 43. Kd4 a3 44. Rxa3 e3 45. Ra1 e2 46. Re1
Re3 47. c4 Rb3 48. Re4 Rxe4+ 49. Kxe4 Rxb4 50. Rxe2 Rxc4+ 51. Kf5 Rc5+ 52. Ke6
Rg5 53. Re4 Kh7 54. Kf6 Kh8 55. Rf4 Kh7 56. Kf7 Rg7+ 57. Ke6 Rb7 58. Rb4 Rg7
59. Rxb5 Rxg4 60. Rb7+ Rg7 61. Rxg7+ Kxg7 62. Kf5 Kf7 63. Ke5 Ke7 1/2-1/2

[Event "DEM U12/U12w 2004"]
[Site "Willingen GER"]
[Date "2004.06.03"]
[Round "8"]
[White "Maier, Maximilian"]
[Black "Wolff, Christoph"]
[Result "1-0"]
[Termination "normal"]
[Board "27"]
[WhiteElo "1510"]
[BlackElo "1374"]
[PlyCount "85"]
[BlackFideId "24659495"]
[EventCountry "GER"]
[EventRounds "11"]
[EventType "swiss"]
[EventDate "2004.05.29"]

1. d4 Nf6 2. c4 g6 3. Nc3 d5 4. Nf3 Bg7 5. e3 O-O 6. cxd5 Nxd5 7. Be2 Nxc3 8.
bxc3 c5 9. O-O Nc6 10. Qc2 cxd4 11. cxd4 Bf5 12. Qb3 b6 13. Ba3 Re8 14. Bb5 Bd7
15. Qa4 Nb8 16. Rac1 a6 17. Bxd7 Nxd7 18. Qb3 b5 19. Rfd1 e6 20. Nd2 Nb6 21.
Bc5 Rc8 22. Ne4 Qc7 23. Nd6 Na4 24. Nxe8 Rxe8 25. Bf8 Qd7 26. Bxg7 Kxg7 27. d5
Rc8 28. Rxc8 Qxc8 29. dxe6 Nc3 30. Rd7 Nxa2 31. Rxf7+ Kg8 32. Qb2 Nc3 33. Rf4
Na4 34. Qa3 Nc5 35. e7 Nd7 36. h3 g5 37. Qb3+ Kg7 38. Qf7+ Kh6 39. Rf6+ Nxf6
40. Qxf6+ Kh5 41. Qf7+ Kh6 42. Qf8+ Qxf8 43. exf8=Q+ 1-0